000 00760nam a2200217 i 4500
001 189317
003 SpMaBN
005 20230906223439.0
008 190522s1931 sp |||| | spa d
080 _a821.113.5-31"19"
100 1 _aHamsun, Knut.
_961705
245 1 0 _aMisterios
_b: novela /
_cKnut Hamsun ; traducción de Luis Molins Correa.
260 _aBarcelona :
_bJasón,
_c1931.
300 _a450 p. ;
_c19 cm.
490 1 _aColección literaria.
_aObras completas ;
_v14
593 _aPremio Nobel 1920.
700 1 _aMolins Correa, Luis.
_982019
830 0 _aColección literaria.
_aObras completas ;
_v14
_9225806
852 _aES-MaACL
_jL-32327
_z. - Donat. herederos de la bibl. de Mª del Pilar Costa Palacín
999 _c189317
_d189317